Т. 2; Собрание сочинений
| Parent link: | Собрание сочинений: В 3-х т./ Д. И. Хармс. Т. 2.— , 2000 |
|---|---|
| Language: | Russian |
| Published: |
2000
|
| Subjects: | |
| Format: | Book |
| KOHA link: | https://koha.lib.tpu.ru/cgi-bin/koha/opac-detail.pl?biblionumber=27731 |
MARC
| LEADER | 00000nam0a2200000 4500 | ||
|---|---|---|---|
| 001 | 27731 | ||
| 005 | 20231030202322.0 | ||
| 010 | |a 5267003980 | ||
| 035 | |a (RuTPU)RU\TPU\book\27984 | ||
| 035 | |a BOOK00028059 | ||
| 090 | |a 27731 | ||
| 100 | |a 20011209d2000 m y0rusy50 ca | ||
| 101 | 0 | |a rus | |
| 102 | |a RU | ||
| 105 | |a y z 000ay | ||
| 200 | 0 | |a Т. 2 | |
| 210 | |d 2000 | ||
| 215 | |a 412 с. | ||
| 461 | |t Собрание сочинений |o В 3-х т. |v Т. 2 |f Д. И. Хармс |d 2000 | ||
| 517 | 1 | |a Новая Анатомия | |
| 610 | 1 | |a проза | |
| 610 | 1 | |a пьесы | |
| 675 | |a Р2 |v 3 | ||
| 801 | 0 | |a RU |b 63413507 |c 20011209 |g PSBO | |
| 801 | 2 | |a RU |b 63413507 |c 20060413 |g PSBO | |
| 942 | |c BK | ||